Юмор и шутки; Т. 1

Bibliografiske detaljer
Andre forfattere: Сюй Лина (составитель)
Summary:Книга на китайском яз.
Sprog:kinesisk
engelsk
Udgivet: Циндао, Издательский дом Циндао, 2004
Fag:
Format: MixedMaterials Bog
KOHA link:https://koha.lib.tpu.ru/cgi-bin/koha/opac-detail.pl?biblionumber=341186

MARC

LEADER 00000nam0a2200000 4500
001 341186
005 20231102005322.0
010 |a 7543630621 
035 |a (RuTPU)RU\TPU\book\368683 
090 |a 341186 
100 |a 20180704d2004 m y0rusy50 ea 
101 0 |a chi  |a eng 
102 |a CN 
105 |a a j 000dy 
200 1 |a Юмор и шутки  |h Т. 1  |f сост. Сюй Лина 
210 |a Циндао  |c Издательский дом Циндао  |d 2004 
215 |a 207 с.  |c ил. 
300 |a Книга на китайском яз. 
606 1 |a Китайский язык  |2 stltpush  |3 (RuTPU)RU\TPU\subj\14450  |9 40833 
606 1 |a Юмор  |2 stltpush  |3 (RuTPU)RU\TPU\subj\21524  |9 46495 
610 1 |a шутки 
610 1 |a анекдоты 
610 1 |a английский язык 
610 1 |a сравнения 
686 |a Ш171.11  |v LBC/SL-A  |2 rubbk 
686 |a 785  |2 rubbk 
702 1 |a Сюй Лина  |4 220 
801 1 |a RU  |b 63413507  |c 20180704 
801 2 |a RU  |b 63413507  |c 20181008  |g RCR 
942 |c BK